Niña imaginación / | Anya Damirón ; ilustrado Pablo Pino. (Registro nro. 7614)

Detalles MARC
000 -LIDER
fixed length control field 00681nam a2200241 a 4500
001 - NÚMERO DE CONTROL
Identificador de número de control 000045483
003 - IDENTIFICACDOR DE NÚMERO DE CONTROL
control field DO-SdBNP
005 - DATE AND TIME OF LATEST TRANSACTION
control field 20180328095919.0
007 - CAMPOS FIJOS DE DESCRIPCIÓN FÍSICA
fixed length control field 000045483
008 - ELEMENTOS DE LONGITUD FIJA
fixed length control field 150409s2008 dr a 000 0 spa d
020 ## - ISBN
International Standard Book Number 9789945002904
040 ## - FUENTE DE CATALOGACIÓN
Agencia que crea de manera original el registro BPMET
Idioma de catalogación spa
Agencia que realiza la transcripción BPMET
100 1# - ASIENTO PRINCIPAL -- NOMBRE PERSONAL
Nombre personal Damiron, Anya
245 10 - MENCIÓN DE TITULO
Título Niña imaginación /
-- Anya Damirón ; ilustrado Pablo Pino.
260 ## - PUBLICACIÓN, DISTRIBUCIÓN, ETC. (PIE DE IMPRENTA)
Lugar de publicación, distribución, etc Santo Domingo :
Nombre del editor, distribuidor, etc. Lucia Stores,
Fecha de publicación, distribución, etc 2008.
300 ## - DESCRIPCIÓN FÍSICA
Extensión [26] p. :
Otros detalles físicos il. ;
Dimensiones 20 cm.
490 1# - MENCIÓN DE SERIES
Mención de serie Lucia Stores
700 1# - ASIENTO SECUNDARIO -- NOMBRE PERSONAL
Nombre personal Pino, Pablo
Mención de responsabilidad il.
830 #0 - ASIENTO SECUNDARIO DE SERIE--TÍTULO UNIFORME
Título uniforme Lucia Stores
942 ## - ADDED ENTRY ELEMENTS (KOHA)
Source of classification or shelving scheme Dewey Decimal Classification
Koha item type Libros
945 ## - INFORMACIÓN DE PROCESAMIENTO LOCAL
Información de procesamiento local Remanejado para la BNPHU / 2018 VM
956 ## - LOCAL ELECTRONIC LOCATION AND ACCESS (OCLC)
Nombre de host VMATEO
Número de acceso 10
Información de compresión 20150413
Inicio de sesión BPMSU
Procesador de solicitud 1159
Existencias
Withdrawn status Lost status Source of classification or shelving scheme Damaged status Not for loan Collection code Home library Current library Date acquired Total Checkouts Barcode Date last seen Price effective from Koha item type
    Dewey Decimal Classification     Colección Infantil Dominicana Biblioteca Pública Metropolitana Salomé Ureña Biblioteca Pública Metropolitana Salomé Ureña 04/13/2015   BPMET15041283 04/13/2015 04/13/2015 Libros